UITU Library & LRC     

Smart living centralized management system for housing schemes (Record no. 32803)

MARC details
000 -LEADER
fixed length control field 00528nam a2200145Ia 4500
008 - FIXED-LENGTH DATA ELEMENTS--GENERAL INFORMATION
fixed length control field 260210s9999 xx 000 0 und d
024 ## - OTHER STANDARD IDENTIFIER
Standard number or code 20B-012-CE, 20B-013-CE, 20B-024-CE & 20B-026-CE
082 ## - DEWEY DECIMAL CLASSIFICATION NUMBER
Classification number 621.072 SAN
100 ## - MAIN ENTRY--PERSONAL NAME
Personal name Zajjaj Bin Sana, Wajiha Shaukat, Mahnoor Tariq & Shehryar AKQ
110 ## - MAIN ENTRY--CORPORATE NAME
Corporate name or jurisdiction name as entry element Dr. Ghazanfar ullah
245 #0 - TITLE STATEMENT
Title Smart living centralized management system for housing schemes
260 ## - PUBLICATION, DISTRIBUTION, ETC.
Place of publication, distribution, etc. Karachi:
Name of publisher, distributor, etc. UITU,
Date of publication, distribution, etc. 2020
600 ## - SUBJECT ADDED ENTRY--PERSONAL NAME
Personal name Computer System Engineering
650 ## - SUBJECT ADDED ENTRY--TOPICAL TERM
Topical term or geographic name entry element Bachelor of Engineering (BE)

No items available.

Powered by Koha